Future organizational design : the scope for the IT-based enterprise

Αποθηκεύτηκε σε:
Λεπτομέρειες βιβλιογραφικής εγγραφής
Κύριος συγγραφέας: Groth, Lars
Μορφή: Βιβλίο
Γλώσσα:English
Δημοσίευση: Chichester ; Toronto : John Wiley & Sons, c1999
Σειρά:John Wiley series in information systems
Θέματα:
Ετικέτες: Προσθήκη ετικέτας
Δεν υπάρχουν, Καταχωρήστε ετικέτα πρώτοι!

MARC

LEADER 00000nam a2200000 i 4500
001 1/95363
008 991206s1999 eng d
020 |a 0-471-98893-6 
035 |l 10055284 
040 |a GR-MY-UA  |b gre  |e aacr 
041 0 |a eng 
082 0 |a 658.4060285 
100 1 |a Groth, Lars. 
245 1 0 |a Future organizational design :  |b the scope for the IT-based enterprise /  |c Lars Groth 
260 |a Chichester ; Toronto :   |b John Wiley & Sons,   |c c1999 
300 |a xxviii, 448 p.;  |b ill.;  |c 24 cm. 
490 1 |a John Wiley series in information systems 
504 |a Includes bibliographical references and indexes 
650 0 0 |a Organizational change  |x Data processing. 
650 0 0 |a Information technology  |x Management. 
830 0 |a John Wiley series in information systems 
852 |a INST  |b CHIOS  |e 19991206  |h 658.4060285 GRO  |p 005200019228  |q 005200019228  |t BK  |y 0 
852 |a INST  |b SAMOS  |e 20010409  |h 658.4060285 GRO  |p 005300021007  |q 005300021007  |t BK  |y 0 
852 |a INST  |b SAMOS  |e 20010409  |h 658.4060285 GRO  |p 005300021008  |q 005300021008  |t BK  |y 0 
852 |a INST  |b SAMOS  |e 20010409  |h 658.4060285 GRO  |p 005300021009  |q 005300021009  |t BK  |y 0 
852 |a INST  |b SAMOS  |e 20010409  |h 658.4060285 GRO  |p 005300021010  |q 005300021010  |t BK  |y 0 
852 |a INST  |b SAMOS  |e 20010329  |h 658.4060285 GRO  |p 005300021231  |q 005300021231  |t BK  |y 23 
852 |a INST  |b SAMOS  |e 20010329  |h 658.4060285 GRO  |p 005300021232  |q 005300021232  |t BK  |y 0 
901 |a BIBL3-2001-1 
901 |a BIBL2-1999-3 
909 |a Σ  |b 086155 
909 |a Σ  |b 086437 
909 |a Σ  |b 086458 
909 |a Σ  |b 086457 
909 |a Σ  |b 086436 
909 |a Σ  |b 086156 
909 |a Χ  |b 070834 
922 |a 3ΕΛΗ  |b 200008  |c ΤΠΕΣ/ΠΟΛ-2  |d LEADER 
922 |a 2ΕΛΗ  |b 199911  |c ΤΝΕΥ  |d ΠΑΠΑΣΩΤΗΡΙΟΥ 
950 |a 112-1999-11-03 
970 |a ΣΠΕΝΤΖΑ  |b ΕΛΕΝΗ  |z 1999/12/20